Application of yoga 2000-2009 (Record no. 1235305)

MARC details
000 -LEADER
fixed length control field 00609nam a2200229Ia 4500
005 - DATE AND TIME OF LATEST TRANSACTION
control field 20250108125005.0
008 - FIXED-LENGTH DATA ELEMENTS--GENERAL INFORMATION
fixed length control field 008 250107s9999 xx 000 0 eng d
020 ## - INTERNATIONAL STANDARD BOOK NUMBER
International Standard Book Number 978-93-89598-88-9
037 ## - SOURCE OF ACQUISITION
Stock number TB
040 ## - CATALOGING SOURCE
Original cataloging agency CRL
Language of cataloging eng
Transcribing agency CRL
041 ## - LANGUAGE CODE
Language code of text/sound track or separate title eng
Source of code eng
084 ## - COLON CLASSIFICATION NUMBER
Classification number O152,3N55x Q8
084 ## - COLON CLASSIFICATION NUMBER
Assigning agency CRL
245 #0 - TITLE STATEMENT
Title Application of yoga 2000-2009
260 ## - PUBLICATION, DISTRIBUTION, ETC.
Place of publication, distribution, etc. Bihar, India
Name of publisher, distributor, etc. Yoga Publications
Date of publication, distribution, etc. 2917
300 ## - PHYSICAL DESCRIPTION
Extent x,175p.
365 ## - TRADE PRICE
Price type code INR
Price amount 395
490 ## - SERIES STATEMENT
Series statement Yoga research foundation; Vol. 4
650 ## - SUBJECT ADDED ENTRY--TOPICAL TERM
Topical term or geographic name entry element SPIRITUALISM
942 ## - ADDED ENTRY ELEMENTS (KOHA)
Koha item type Textbook
Classification part O152,3N55x Q8
Holdings
Withdrawn status Lost status Damaged status Not for loan Home library Current library Date acquired Source of acquisition Cost, normal purchase price Total Checkouts Full call number Barcode Date last seen Price effective from Koha item type
        Central Library Central Library 2025-01-08 Gift, 28/09/2023, 395.00   Delta2:3 Q9 CL1698915 2025-01-08 2025-01-08 Textbook
Copyright @ Delhi University Library System